| 000 | 00534cam a2200205 4500 | ||
|---|---|---|---|
| 001 | D2103 | ||
| 008 | 090401t1983 xxu||||| |||| 00| 0 eng d | ||
| 035 | _a(Sirsi) u67439 | ||
| 041 | _aeng | ||
| 050 | _a333.33 | ||
| 100 | _aCadman, David | ||
| 245 | _aProperty development in the UK: evolution and change | ||
| 260 |
_aReading _bCollege of Estate Management _c1983 |
||
| 300 | _a34p. 25cm | ||
| 350 | _a0 | ||
| 490 |
_aProperty Development Library _v1 |
||
| 700 | _aCatalano, Alejandrina | ||
| 942 | _n0 | ||
| 948 | _c04/03/1997 | ||
| 999 |
_c95010 _d95010 |
||